| 000 | 01437nam0a22002891 4500 | ||
|---|---|---|---|
| 001 | v19\rc\1727797 | ||
| 005 | 20061002173908.9 | ||
| 035 | _a(NLR Aleph) 004823850 | ||
| 090 |
_a5042965 _c5042965 |
||
| 100 | _a20061002d1901 |||y0rusy50 ca | ||
| 101 | 0 | _arus | |
| 102 | _aRU | ||
| 105 | _ay z ||||| | ||
| 200 | 1 |
_aО сравнительной заболеваемости казанских мусульман в связи с их бытом и воззрениями _eПо наблюдениям бывшего дум. врача г. Казани П.А. Лощилова _fС предисл. Ф.М. Мухутдинова, указ. муллы и преп. в Образцовом уч-ще при Казан. татар. учител. шк. _h1 _iБолезни нервной системы |
|
| 210 |
_aКазань _cИ.С. Перов _d1901 |
||
| 215 |
_a20 с. _d25 |
||
| 300 | _aИз предисл.: "Настоящая статья была сообщена мной 17 марта в Научном собрании врачей Казан. нервной клиники" | ||
| 700 | 1 |
_aЛощилов _bП. А. _f1869-1925 _gПетр Александрович |
|
| 702 | 1 |
_aМухутдинов _bФ. М. _4080 |
|
| 801 | 0 |
_aRU _bNLR _gpsbo |
|
| 801 | 0 |
_aRU _bRuMoRGB _2psbo |
|
| 801 | 1 |
_aRU _bProSoft-M _2rusmarc |
|
| 852 |
_aNLR _j18.336.1.93 |
||
| 899 |
_aRuMoRGB _jF 56/353 |
||
| 899 | _aБАН | ||
| 942 | _cBOOK | ||
| 980 | _aNB | ||